Central Library OPAC University of Rajshahi

The theory and use of the complex variable : (Record no. 50755)

MARC details
000 -LEADER
fixed length control field 00702nam a2200229 a 4500
001 - CONTROL NUMBER
control field 50755
003 - CONTROL NUMBER IDENTIFIER
rucl marc code BD-RjUL
005 - DATE AND TIME OF LATEST TRANSACTION
control field 20211209075547.0
008 - FIXED-LENGTH DATA ELEMENTS--GENERAL INFORMATION
fixed length control field 160828r19621944enka b 000 0 eng
035 ## - SYSTEM CONTROL NUMBER
System control number (BD-RjUL)50875
040 ## - CATALOGING SOURCE
Original cataloging agency BD-RjUL
Transcribing agency ICU
Modifying agency DLC
Language of cataloging eng
041 ## - LANGUAGE CODE
Language code of text/sound track or separate title eng
082 ## - DEWEY DECIMAL CLASSIFICATION NUMBER
Edition number 23
Classification number 515.9
Author mark and year GRT 1948
100 1# - MAIN ENTRY--PERSONAL NAME
Personal name Green, S. L.
Fuller form of name (Stanley Lawson)
9 (RLIN) 151951
245 14 - TITLE STATEMENT
Title The theory and use of the complex variable :
Remainder of title an introduction /
Statement of responsibility, etc. S. L. Green
250 ## - EDITION STATEMENT
Edition statement 2d ed.
260 ## - PUBLICATION, DISTRIBUTION, ETC. (IMPRINT)
Place of publication, distribution, etc. London :
Name of publisher, distributor, etc. I. Pitman,
Date of publication, distribution, etc. 1948 [ Reprinted 1953, 1962 ]
300 ## - PHYSICAL DESCRIPTION
Pagination viii, 136 p. :
Illustrations diagrs. ;
Size 22 cm.
504 ## - BIBLIOGRAPHY, ETC. NOTE
Bibliography, etc Includes Index
650 #0 - SUBJECT ADDED ENTRY--TOPICAL TERM
Topical term or geographic name as entry element Functions of complex variables.
9 (RLIN) 118123
942 ## - ADDED ENTRY ELEMENTS (KOHA)
Source of classification or shelving scheme Dewey Decimal Classification
Koha item type Books
Holdings
Lost status Source of classification or shelving scheme Damaged status Not for loan Collection code Permanent Location Current Location Shelving location Date acquired Source of acquisition Cost, normal purchase price Total Checkouts Full call number Date last seen Copy number Koha item type
  Dewey Decimal Classification     Non-fiction Central Library, University of Rajshahi Central Library, University of Rajshahi   15/11/1965 Zeitlinger 16.00   515.9 GRT 1948 28/08/2016 C-2 Books
  Dewey Decimal Classification     Non-fiction Central Library, University of Rajshahi Central Library, University of Rajshahi   15/11/1965 Zeit 16.00   515.9 GRT 1962 31/08/2016 C-3 Books
  Dewey Decimal Classification     Non-fiction Central Library, University of Rajshahi Central Library, University of Rajshahi   15/11/1965 Zeit 16.00   515.9 GRT 1962 31/08/2016 C-5 Books
  Dewey Decimal Classification     Non-fiction Central Library, University of Rajshahi Central Library, University of Rajshahi   15/11/1965 Zeit 16.00   515.9 GRT 1953 31/08/2016 C-5 Books